Lord Denning : (Record no. 11163)

MARC details
000 -LEADER
fixed length control field 00781cam a22002412 4500
001 - CONTROL NUMBER
control field 0000018719
005 - DATE AND TIME OF LATEST TRANSACTION
control field 20151217154420.0
008 - FIXED-LENGTH DATA ELEMENTS--GENERAL INFORMATION
fixed length control field 100609s xx 000 0 eng d
020 ## - INTERNATIONAL STANDARD BOOK NUMBER
International Standard Book Number 8175343696 :
040 ## - CATALOGING SOURCE
Original cataloging agency KABU
Transcribing agency KABU
100 1# - MAIN ENTRY--PERSONAL NAME
Personal name Jowell, J. L.
-- 0000178053
245 10 - TITLE STATEMENT
Title Lord Denning :
Remainder of title the judge and the law /
Statement of responsibility, etc. J. L. Jowell, J. P. W. B. McAuslan.
250 ## - EDITION STATEMENT
Edition statement 1st ed.
260 ## - PUBLICATION, DISTRIBUTION, ETC. (IMPRINT)
Place of publication, distribution, etc. Delhi :
Name of publisher, distributor, etc. Universal Law,
Date of publication, distribution, etc. 1984.
300 ## - PHYSICAL DESCRIPTION
Extent xxxv, 486 p.
600 10 - SUBJECT ADDED ENTRY--PERSONAL NAME
Personal name Denning, Alfred.
-- 0000178054
650 #0 - SUBJECT ADDED ENTRY--TOPICAL TERM
Topical term or geographic name as entry element Law
Geographic subdivision Great Britain.
-- 0000153325
650 #0 - SUBJECT ADDED ENTRY--TOPICAL TERM
Topical term or geographic name as entry element Judges
General subdivision Biography.
Geographic subdivision Great Britain.
-- 0000178055
700 1# - ADDED ENTRY--PERSONAL NAME
Personal name McAuslan, J. P. W. B.
-- 0000178056
852 1# - LOCATION
-- p1040 KES
908 ## - PUT COMMAND PARAMETER (RLIN)
Put command parameter 100609
950 ## - LOCAL HOLDINGS (RLIN)
-- 1
Holdings
Withdrawn status Lost status Source of classification or shelving scheme Not for loan Home library Current library Date acquired Total Checkouts Full call number Barcode Date last seen Date last checked out Price effective from Koha item type
    Library of Congress Classification   Kabarak, Main Campus Kabarak, Main Campus 17/12/2015 4 KD632 .D46J69 1984 c. 1 027612 12/11/2019 25/10/2019 17/12/2015 General Collection
Designed with assistance from East African Informatics Ltd